000 00597nam a2200193Ia 4500
003 GCL
008 140319s9999 xx 000 0 ara d
040 _aGCL /
_cGCL
082 0 4 _a810.9
_bخ ف
100 1 _aخالد يوسف
245 1 0 _aفى النقد الادبى وتاريخة عند العرب /
_cخالد يوسف
260 _a[S.N] :
_bالمؤسسة الجامعية للدراسات والنشر والتوزيع ،
_c1987
300 _a166 ص
490 _a
650 0 4 _aالادب العربى
650 0 4 _aالنقد
650 0 4 _aتاريخ ونقد
942 _2ddc
_cBK
999 _c34345
_d34345